Aspekty spotrebiteľského spracovania informácií v súvislosti s nákupným správaním

Príspevok ponúka konfrontáciu tradičných názorov o pôsobení reklamy na spotrebiteľské správanie s poznatkami, ktoré vyplynuli z analýzy nákupných epizód v rámci akademického prieskumu realizovaného v rokoch 2007 – 2010. Zároveň chce podrobnejšie priblížiť postupnosť procesu spotrebiteľskej interpret...

ver descrição completa

Na minha lista:
Detalhes bibliográficos
Autor principal: Richterová, Kornélia
Outros Autores: Labská, Helena
Formato: Capítulo de Livro
Idioma:eslovaco
Assuntos:
Tags: Adicionar Tag
Sem tags, seja o primeiro a adicionar uma tag!

MARC

LEADER 00000nla$a2200000$$$4500
001 0143356
005 20240502072554.6
041 0 |a slo 
044 |a SK 
245 1 0 |a Aspekty spotrebiteľského spracovania informácií v súvislosti s nákupným správaním  |c Kornélia Richterová, Helena Labská 
520 |a Príspevok ponúka konfrontáciu tradičných názorov o pôsobení reklamy na spotrebiteľské správanie s poznatkami, ktoré vyplynuli z analýzy nákupných epizód v rámci akademického prieskumu realizovaného v rokoch 2007 – 2010. Zároveň chce podrobnejšie priblížiť postupnosť procesu spotrebiteľskej interpretácie ELM vo väzbe na konkrétne, už realizované nákupy, poukázať na vzťah presvedčovania v marketingovej komunikácii s procesom nákupného rozhodovania spotrebiteľov. Súčasťou pojednania je ilustrácia podnetov aplikovateľných pre teóriu a prax modernej komunikácie s trhom. 
610 2 0 |a komunikácia marketingová 
610 2 0 |a reklama 
610 2 0 |a správanie spotrebiteľa 
610 2 0 |a nákup 
100 1 |a Richterová, Kornélia 
700 1 |a Labská, Helena